000 01599cam a22002775a 4500
001 L144902
008 080819s2008 xxk ao f 000 0 eng d
020 _a9780860176701
035 _a(Sirsi) u144902
041 0 _aeng
050 0 4 _a690.22 $2 22
100 1 _aPendlebury, Martin
245 0 0 _aSite health handbook
250 _a2nd ed.
260 _aLondon
_bConstruction Industry Research and Information Association
_c2008
300 _a148p.
_bill.
_c21cm.
490 0 _aCIRIA
_vC670
505 2 _aIntroduction to site health -- Site health: the basics --Health issues at work -- Further help and information
520 _aGives practical advice on how to recognise health risks on site, how to reduce or avoid them, and how to deal with them efficiently when they occur. Provides guidance on site inductions, personal protective equipment, first-aid, accident reporting and health screening. Helps understand the issues that affect good health in the construction sector. Takes into account the Construction (Design and Management) Regulations 2007 and other recent health and safety legislation. Written for workers, supervisors, managers, and designers who are making decisions about constructions. To be used with CIRIA's Site safety handbook C669 (L144901). Contains a list of useful contacts, legislation, approved codes of practice and Health and Safety Executive publications.
520 _aSupersedes the first edition ISBN 0860176290
521 _aAdvanced
590 _aKA
651 4 _aEngland and Wales
_y1543-
690 _aHealth and safety
_96244
942 _n0
999 _c108653
_d108653